[Event "2nd Easter 4NCL Congress"]
[Site "Daventry"]
[Date "2022.04.18"]
[Round "7"]
[Board "21"]
[White "Liu, Jack"]
[Black "Johnson, Paul A"]
[Result "1/2-1/2"]
[WhiteElo "1913"]
[BlackElo "1868"]
[PlyCount "0"]
[EventDate "2022.04.15"]
[EventRounds "7"]
[EventCountry "ENG"]

1. e4 {[%clk 01:30:54]} {[%emt 00:00:05]} e5 {[%clk 01:30:50]} {[%emt
00:00:11]} 2. Nf3 {[%clk 01:31:13]} {[%emt 00:00:11]} Nc6 {[%clk 01:31:11]}
{[%emt 00:00:08]} 3. Bb5 {[%clk 01:31:38]} {[%emt 00:00:06]} a6 {[%clk
01:31:33]} {[%emt 00:00:09]} 4. Ba4 {[%clk 01:32:03]} {[%emt 00:00:04]} Nf6
{[%clk 01:31:53]} {[%emt 00:00:09]} 5. O-O {[%clk 01:32:26]} {[%emt 00:00:08]}
Be7 {[%clk 01:32:11]} {[%emt 00:00:13]} 6. Re1 {[%clk 01:32:47]} {[%emt
00:00:08]} b5 {[%clk 01:32:33]} {[%emt 00:00:09]} 7. Bb3 {[%clk 01:33:07]}
{[%emt 00:00:09]} d6 {[%clk 01:32:52]} {[%emt 00:00:12]} 8. c3 {[%clk
01:33:32]} {[%emt 00:00:04]} Na5 {[%clk 01:33:09]} {[%emt 00:00:13]} 9. Bc2
{[%clk 01:33:56]} {[%emt 00:00:06]} c5 {[%clk 01:33:30]} {[%emt 00:00:09]} 10.
d4 {[%clk 01:33:45]} {[%emt 00:00:41]} Qc7 {[%clk 01:33:51]} {[%emt 00:00:09]}
11. Nbd2 {[%clk 01:32:15]} {[%emt 00:02:00]} O-O {[%clk 01:34:03]} {[%emt
00:00:18]} 12. h3 {[%clk 01:31:40]} {[%emt 00:01:05]} Re8 {[%clk 01:33:55]}
{[%emt 00:00:37]} 13. Nf1 {[%clk 01:28:03]} {[%emt 00:04:07]} Bd7 {[%clk
01:32:40]} {[%emt 00:01:46]} 14. b3 {[%clk 01:26:52]} {[%emt 00:01:41]} Nb7
{[%clk 01:32:32]} {[%emt 00:00:39]} 15. Bb2 {[%clk 01:26:03]} {[%emt 00:01:16]}
Bf8 {[%clk 01:32:14]} {[%emt 00:00:50]} 16. Ne3 {[%clk 01:23:12]} {[%emt
00:03:21]} g6 {[%clk 01:30:48]} {[%emt 00:01:56]} 17. d5 {[%clk 01:10:40]}
{[%emt 00:13:02]} Bg7 {[%clk 01:29:56]} {[%emt 00:01:22]} 18. c4 {[%clk
01:10:49]} {[%emt 00:00:21]} Kh8 {[%clk 01:29:42]} {[%emt 00:00:43]} 19. Nh2
{[%clk 01:07:41]} {[%emt 00:03:39]} Ng8 {[%clk 01:27:17]} {[%emt 00:02:55]} 20.
Rf1 {[%clk 01:00:34]} {[%emt 00:07:38]} Rf8 {[%clk 01:27:00]} {[%emt 00:00:47]}
21. Qb1 {[%clk 00:58:10]} {[%emt 00:02:53]} f6 {[%clk 01:26:22]} {[%emt
00:01:08]} 22. Bd3 {[%clk 00:54:39]} {[%emt 00:04:01]} b4 {[%clk 01:24:52]}
{[%emt 00:02:01]} 23. Qc2 {[%clk 00:54:35]} {[%emt 00:00:33]} Ne7 {[%clk
01:21:17]} {[%emt 00:04:05]} 24. f4 {[%clk 00:48:44]} {[%emt 00:06:21]} Bh6
{[%clk 01:19:02]} {[%emt 00:02:44]} 25. Neg4 {[%clk 00:48:28]} {[%emt
00:00:47]} Bg7 {[%clk 01:18:19]} {[%emt 00:01:13]} 26. fxe5 {[%clk 00:45:03]}
{[%emt 00:03:55]} fxe5 {[%clk 01:18:28]} {[%emt 00:00:21]} 27. Rae1 {[%clk
00:37:49]} {[%emt 00:07:44]} Ng8 {[%clk 01:16:27]} {[%emt 00:02:32]} 28. Qe2
{[%clk 00:35:59]} {[%emt 00:02:20]} Rae8 {[%clk 01:15:55]} {[%emt 00:01:02]} 29.
Rxf8 {[%clk 00:23:54]} {[%emt 00:12:36]} Rxf8 {[%clk 01:16:17]} {[%emt
00:00:07]} 30. Rf1 {[%clk 00:24:20]} {[%emt 00:00:04]} Qd8 {[%clk 01:15:16]}
{[%emt 00:01:32]} 31. Bc1 {[%clk 00:23:27]} {[%emt 00:01:22]} Rxf1+ {[%clk
01:14:59]} {[%emt 00:00:47]} 32. Qxf1 {[%clk 00:23:46]} {[%emt 00:00:12]} Qf8
{[%clk 01:15:16]} {[%emt 00:00:11]} 33. Nf3 {[%clk 00:20:45]} {[%emt 00:03:32]}
Bxg4 {[%clk 01:04:30]} {[%emt 00:11:16]} 34. hxg4 {[%clk 00:21:10]} {[%emt
00:00:05]} Nf6 {[%clk 01:03:35]} {[%emt 00:01:26]} 35. Nh2 {[%clk 00:19:18]}
{[%emt 00:02:21]} Nd8 {[%clk 01:01:12]} {[%emt 00:02:53]} 36. Bg5 {[%clk
00:19:04]} {[%emt 00:00:44]} h6 {[%clk 01:01:11]} {[%emt 00:00:31]} 37. Bd2
{[%clk 00:18:43]} {[%emt 00:00:51]} Ng8 {[%clk 01:00:01]} {[%emt 00:01:39]} 38.
Nf3 {[%clk 00:16:54]} {[%emt 00:02:21]} g5 {[%clk 01:00:09]} {[%emt 00:00:21]}
39. Qe2 {[%clk 00:16:31]} {[%emt 00:00:53]} Nf6 {[%clk 00:58:14]} {[%emt
00:02:26]} 40. Nh2 {[%clk 00:16:31]} {[%emt 00:00:29]} Nf7 {[%clk 00:58:17]}
{[%emt 00:00:28]} 41. Nf1 {[%clk 00:16:02]} {[%emt 00:00:58]} Qc8 {[%clk
00:57:44]} {[%emt 00:01:03]} 42. Nh2 {[%clk 00:15:35]} {[%emt 00:00:56]} Kg8
{[%clk 00:57:32]} {[%emt 00:00:44]} 43. Qf3 {[%clk 00:15:42]} {[%emt 00:00:23]}
Nh8 {[%clk 00:57:15]} {[%emt 00:00:46]} 44. Be2 {[%clk 00:15:24]} {[%emt
00:00:48]} Ng6 {[%clk 00:57:20]} {[%emt 00:00:25]} 45. g3 {[%clk 00:15:47]}
{[%emt 00:00:08]} Ne7 {[%clk 00:56:57]} {[%emt 00:00:53]} 46. Nf1 {[%clk
00:15:45]} {[%emt 00:00:31]} Qe8 {[%clk 00:56:23]} {[%emt 00:01:03]} 47. Ne3
{[%clk 00:15:56]} {[%emt 00:00:19]} Qg6 {[%clk 00:55:38]} {[%emt 00:01:16]} 48.
Bd3 {[%clk 00:14:05]} {[%emt 00:02:22]} a5 {[%emt 00:03:36]} 49. Nd1 {[%clk
00:13:40]} Qe8 {[%clk 00:50:43]} {[%emt 00:03:12]} 50. Nb2 {[%clk 00:13:21]}
{[%emt 00:00:48]} Nd7 {[%clk 00:49:02]} {[%emt 00:02:11]} 51. Bc2 {[%clk
00:12:40]} {[%emt 00:01:12]} Qf7 {[%clk 00:49:10]} {[%emt 00:00:23]} 52. Qe2
{[%clk 00:10:36]} {[%emt 00:02:33]} Nb6 {[%clk 00:46:57]} {[%emt 00:02:43]} 53.
Kg2 {[%clk 00:10:18]} {[%emt 00:00:49]} Bf8 {[%clk 00:44:29]} {[%emt 00:02:57]}
54. Bd1 {[%clk 00:09:40]} {[%emt 00:01:08]} Kg7 {[%clk 00:40:22]} {[%emt
00:04:38]} 55. Qd3 {[%clk 00:09:38]} {[%emt 00:00:31]} Ng8 {[%clk 00:40:10]}
{[%emt 00:00:42]} 56. Bf3 {[%clk 00:09:47]} {[%emt 00:00:21]} Nf6 {[%clk
00:39:57]} {[%emt 00:00:42]} 57. Qe2 {[%clk 00:09:22]} {[%emt 00:00:55]} Kg6
{[%clk 00:39:35]} {[%emt 00:00:52]} 58. Qd1 {[%clk 00:08:54]} {[%emt 00:00:59]}
Qd7 {[%clk 00:38:50]} {[%emt 00:01:14]} 59. Be1 {[%clk 00:08:55]} {[%emt
00:00:30]} Be7 {[%clk 00:36:32]} {[%emt 00:02:48]}  1/2-1/2

[Event "2nd Easter 4NCL Congress"]
[Site "Daventry"]
[Date "2022.04.18"]
[Round "7"]
[Board "22"]
[White "Miller, George I"]
[Black "Gibbon, Eric"]
[Result "0-1"]
[WhiteElo "1864"]
[BlackElo "1953"]
[PlyCount "0"]
[EventDate "2022.04.15"]
[EventRounds "7"]
[EventCountry "ENG"]

1. e4 {[%clk 01:30:57]} {[%emt 00:00:02]} d6 {[%clk 01:30:54]} {[%emt
00:00:06]} 2. c4 {[%clk 01:31:22]} {[%emt 00:00:05]} Nf6 {[%clk 01:31:18]}
{[%emt 00:00:06]} 3. Nc3 {[%clk 01:31:47]} {[%emt 00:00:05]} c6 {[%clk
01:31:43]} {[%emt 00:00:04]} 4. g3 {[%clk 01:32:08]} {[%emt 00:00:09]} e5
{[%clk 01:31:44]} {[%emt 00:00:29]} 5. Bg2 {[%clk 01:32:31]} {[%emt 00:00:07]}
Be7 {[%clk 01:31:45]} {[%emt 00:00:30]} 6. Nge2 {[%clk 01:32:54]} {[%emt
00:00:06]} Be6 {[%clk 01:30:06]} {[%emt 00:02:09]} 7. d3 {[%clk 01:33:12]}
{[%emt 00:00:12]} Na6 {[%clk 01:26:55]} {[%emt 00:03:41]} 8. O-O {[%clk
01:32:55]} {[%emt 00:00:46]} Qd7 {[%clk 01:25:23]} {[%emt 00:02:03]} 9. f4
{[%clk 01:32:17]} {[%emt 00:01:09]} Bh3 {[%clk 01:25:21]} {[%emt 00:00:32]} 10.
f5 {[%clk 01:32:32]} {[%emt 00:00:15]} Bxg2 {[%clk 01:25:44]} {[%emt 00:00:07]}
11. Kxg2 {[%clk 01:32:56]} {[%emt 00:00:05]} d5 {[%clk 01:14:05]} {[%emt
00:12:10]} 12. Bg5 {[%clk 01:30:15]} {[%emt 00:03:11]} Ng4 {[%clk 01:08:28]}
{[%emt 00:06:07]} 13. h3 {[%clk 01:20:07]} {[%emt 00:10:37]} Bxg5 {[%clk
01:07:36]} {[%emt 00:01:23]} 14. hxg4 {[%clk 01:20:28]} {[%emt 00:00:08]} d4
{[%clk 01:06:40]} {[%emt 00:01:27]} 15. Nb1 {[%clk 01:19:19]} {[%emt 00:01:38]}
O-O-O {[%clk 00:58:51]} {[%emt 00:08:19]} 16. Nd2 {[%clk 01:19:35]} {[%emt
00:00:15]} Qd6 {[%clk 00:57:23]} {[%emt 00:01:58]} 17. a3 {[%clk 01:18:29]}
{[%emt 00:01:36]} h5 {[%clk 00:52:44]} {[%emt 00:05:08]} 18. b4 {[%clk
01:16:52]} {[%emt 00:02:07]} hxg4 {[%clk 00:46:56]} {[%emt 00:06:19]} 19. b5
{[%clk 01:15:33]} {[%emt 00:01:48]} Nc5 {[%clk 00:46:12]} {[%emt 00:01:15]} 20.
Qc2 {[%clk 01:13:07]} {[%emt 00:02:56]} Bxd2 {[%clk 00:33:58]} {[%emt
00:12:44]} 21. Qxd2 {[%clk 01:12:00]} {[%emt 00:01:37]} Nb3 {[%clk 00:34:22]}
{[%emt 00:00:07]} 22. Qg5 {[%clk 01:12:10]} {[%emt 00:00:18]} Nxa1 {[%clk
00:32:49]} {[%emt 00:02:04]} 23. Rxa1 {[%clk 01:11:50]} {[%emt 00:00:50]} Qh6
{[%clk 00:26:42]} {[%emt 00:06:36]} 24. Qxg4 {[%clk 01:11:50]} {[%emt
00:00:29]} f6 {[%clk 00:26:07]} {[%emt 00:01:06]} 25. bxc6 {[%clk 01:12:07]}
{[%emt 00:00:14]} bxc6 {[%clk 00:25:42]} {[%emt 00:00:56]} 26. Ng1 {[%clk
01:09:29]} {[%emt 00:03:06]} Qd2+ {[%clk 00:20:07]} {[%emt 00:06:06]} 27. Qe2
{[%clk 01:09:46]} {[%emt 00:00:11]} Qxe2+ {[%clk 00:19:48]} {[%emt 00:00:49]}
28. Nxe2 {[%clk 01:10:08]} {[%emt 00:00:07]} Kc7 {[%clk 00:19:24]} {[%emt
00:00:56]} 29. g4 {[%clk 01:08:30]} {[%emt 00:02:08]} Rb8 {[%clk 00:18:47]}
{[%emt 00:01:06]} 30. Ng3 {[%clk 01:08:45]} {[%emt 00:00:15]} Rb2+ {[%clk
00:18:34]} {[%emt 00:00:44]} 31. Kg1 {[%clk 01:08:53]} {[%emt 00:00:21]} Rh4
{[%clk 00:18:04]} {[%emt 00:01:01]} 32. Nh5 {[%clk 01:09:08]} {[%emt 00:00:15]}
Rxg4+ {[%clk 00:18:24]} {[%emt 00:00:11]}  0-1

[Event "2nd Easter 4NCL Congress"]
[Site "Daventry"]
[Date "2022.04.15"]
[Round "1"]
[Board "1"]
[White "Homer, Neil S"]
[Black "Horspool, Ben"]
[Result "1-0"]
[WhiteElo "1692"]
[BlackElo "1525"]
[PlyCount "79"]
[EventDate "2022.04.15"]
[EventRounds "7"]
[EventCountry "ENG"]

1. e4 e5 2. Nc3 Nf6 3. f4 d5 4. fxe5 Nxe4 5. Qf3 Nxc3 6. bxc3 d4 7. Bc4 Be6 8.
Bxe6 fxe6 9. Qxb7 Nd7 10. cxd4 Rb8 11. Qe4 Be7 12. Nf3 O-O 13. O-O Rb6 14. d3
h6 15. c4 Qb8 16. c5 Nxc5 17. dxc5 Bxc5+ 18. Be3 Bxe3+ 19. Qxe3 Rb2 20. Qc1
Qb6+ 21. d4 Rb8 22. Rf2 Rb4 23. Rd2 c5 24. Qxc5 Rb1+ 25. Rd1 Rxa1 26. Rxa1 Qb2
27. Qc1 Qe2 28. Rb1 Rd8 29. Rb2 Qe4 30. Qb1 Qg4 31. Rb8 Rxb8 32. Qxb8+ Kh7 33.
Qxa7 Qf4 34. Qa3 Qe4 35. Qc1 Qd5 36. a4 Qa2 37. Qd1 Qa3 38. Kf1 Qa2 39. Ne1
Qc4+ 40. Qd3+  1-0

[Event "2nd Easter 4NCL Congress"]
[Site "Daventry"]
[Date "2022.04.15"]
[Round "1"]
[Board "2"]
[White "Wright, George A"]
[Black "Maher, Mike P"]
[Result "0-1"]
[WhiteElo "1522"]
[BlackElo "1692"]
[PlyCount "52"]
[EventDate "2022.04.15"]
[EventRounds "7"]
[EventCountry "ENG"]

1. b3 d5 2. Bb2 c5 3. e3 Nc6 4. Bb5 Nf6 5. Nf3 Bg4 6. O-O e6 7. d4 Qc7 8. Qd2
Bxf3 9. gxf3 Bd6 10. dxc5 Bxh2+ 11. Kh1 Be5 12. Nc3 a6 13. Be2 Qe7 14. Rg1 O-O
15. Ba3 d4 16. exd4 Bxd4 17. Raf1 Bxc3 18. Qxc3 Nd5 19. Qc4 Qf6 20. Rg2 Nf4 21.
Rh2 Nd4 22. Bb2 Nfxe2 23. c3 Qxf3+ 24. Rg2 Nc6 25. b4 Qh3+ 26. Rh2 Qxf1#  0-1

[Event "2nd Easter 4NCL Congress"]
[Site "Daventry"]
[Date "2022.04.15"]
[Round "1"]
[Board "3"]
[White "Beswick, Andrew"]
[Black "Holyhead, James"]
[Result "0-1"]
[WhiteElo "1684"]
[BlackElo "1510"]
[PlyCount "104"]
[EventDate "2022.04.15"]
[EventRounds "7"]
[EventCountry "ENG"]

1. e4 c6 2. d4 d5 3. exd5 cxd5 4. Bd3 Nc6 5. c3 Nf6 6. Nf3 Bg4 7. Nbd2 e6 8. h3
Bh5 9. O-O Bd6 10. Re1 O-O 11. Qc2 Rc8 12. a3 Re8 13. g4 Bg6 14. Bxg6 hxg6 15.
Qd3 Qc7 16. Nf1 e5 17. dxe5 Nxe5 18. Nxe5 Bxe5 19. Be3 a6 20. g5 Ne4 21. Qxd5
Rcd8 22. Qb3 Qe7 23. f4 Bb8 24. Rad1 Rd7 25. Qc2 Qe6 26. Qg2 Rxd1 27. Rxd1 Qf5
28. Ng3 Nxg3 29. Qxg3 Qc2 30. Rd2 Qb1+ 31. Kf2 Ba7 32. Re2 Bxe3+ 33. Rxe3 Qc2+
34. Kf1 Qc1+ 35. Re1 Rxe1+ 36. Qxe1 Qxf4+ 37. Qf2 Qxg5 38. Qb6 Qf6+ 39. Qxf6
gxf6 40. c4 Kf8 41. c5 Ke7 42. Ke2 Ke6 43. Ke3 Kd5 44. b4 a5 45. Kd3 axb4 46.
axb4 f5 47. h4 f4 48. Kc3 f3 49. Kd2 Kc4 50. Ke3 f2 51. Kxf2 Kxb4 52. Kf3 Kxc5
 0-1

[Event "2nd Easter 4NCL Congress"]
[Site "Daventry"]
[Date "2022.04.15"]
[Round "1"]
[Board "4"]
[White "Pasari, Rohan"]
[Black "Szydlowski, Sebastien"]
[Result "0-1"]
[WhiteElo "1510"]
[BlackElo "1681"]
[PlyCount "80"]
[EventDate "2022.04.15"]
[EventRounds "7"]
[EventCountry "ENG"]

1. d4 Nf6 2. c4 e5 3. e3 e4 4. Nc3 Bb4 5. a3 Bxc3+ 6. bxc3 d5 7. f3 c6 8. Bb2
O-O 9. cxd5 cxd5 10. c4 Be6 11. Rc1 Re8 12. cxd5 Bxd5 13. Bc4 exf3 14. gxf3
Rxe3+ 15. Be2 Nc6 16. Qd2 Qe7 17. Rc3 Re8 18. Kf2 Rxc3 19. Bxc3 Ng4+ 20. Ke1
Qh4+ 21. Kd1 Nf2+ 22. Kc2 Nxh1 23. Qc1 Qxh2 24. Qg5 Rxe2+ 25. Nxe2 Qxe2+ 26.
Bd2 Nxd4+ 27. Kc1 Nb3+ 28. Kc2 Qxd2+ 29. Qxd2 Nxd2 30. Kxd2 Bxf3 31. Ke3 Bc6
32. Kd4 f6 33. a4 a5 34. Kc5 Bxa4 35. Kb6 h5 36. Kc5 h4 37. Kd4 b5 38. Kc3 h3
39. Kd2 b4 40. Kc1 Ng3  0-1

[Event "2nd Easter 4NCL Congress"]
[Site "Daventry"]
[Date "2022.04.15"]
[Round "1"]
[Board "5"]
[White "Wall, Robert"]
[Black "Lloyd, Gregory"]
[Result "1-0"]
[WhiteElo "1673"]
[BlackElo "1498"]
[PlyCount "70"]
[EventDate "2022.04.15"]
[EventRounds "7"]
[EventCountry "ENG"]

1. d4 Nf6 2. Nf3 d5 3. c4 e6 4. Nc3 Bb4 5. cxd5 exd5 6. Bd2 O-O 7. e3 Bf5 8.
Qb3 a5 9. a3 Bxc3 10. bxc3 b6 11. Ne5 c5 12. Bb5 c4 13. Qd1 Nfd7 14. Nc6 Qg5
15. g3 Be4 16. f3 Bd3 17. e4 Qf6 18. e5 Qe6 19. Nxb8 Raxb8 20. Qa4 Nxe5 21.
dxe5 Qxe5+ 22. Kd1 Qe2+ 23. Kc1 Qxf3 24. Qd1 Qf2 25. Qe1 Qc5 26. a4 Rbc8 27.
Qe3 Qd6 28. Qf4 Qd8 29. Re1 Rc5 30. Qd4 Be4 31. Bf4 Qc8 32. Bd6 Rd8 33. Bxc5
bxc5 34. Qe5 Qh3 35. Ra2 Qd7  1-0

[Event "2nd Easter 4NCL Congress"]
[Site "Daventry"]
[Date "2022.04.15"]
[Round "1"]
[Board "6"]
[White "Dunne, David C"]
[Black "Collyer, David"]
[Result "0-1"]
[WhiteElo "1497"]
[BlackElo "1663"]
[PlyCount "120"]
[EventDate "2022.04.15"]
[EventRounds "7"]
[EventCountry "ENG"]

1. e4 c5 2. Nf3 d6 3. d4 cxd4 4. Nxd4 Nf6 5. Nc3 a6 6. Bc4 e6 7. Bb3 Be7 8. Be3
O-O 9. h3 Nc6 10. Qd2 Bd7 11. O-O-O b5 12. f3 Qc7 13. g4 Rfd8 14. g5 Nh5 15. f4
Na5 16. Qf2 Nxb3+ 17. Nxb3 Rab8 18. f5 b4 19. fxe6 bxc3 20. Qxf7+ Kh8 21. Qxe7
cxb2+ 22. Kxb2 Rdc8 23. Rh2 Qc3+ 24. Kb1 Re8 25. Qxd7 Qxe3 26. Qxd6 Qxg5 27.
Qd5 Qf4 28. Rhd2 Nf6 29. Qf5 Qxe4 30. Qxe4 Nxe4 31. Rd7 Nc3+ 32. Kc1 Nxd1 33.
Kxd1 Rxe6 34. Nc5 Rc6 35. Nd3 h6 36. Kd2 Rb1 37. Rd4 Rh1 38. h4 Rh2+ 39. Ke3
Rcxc2 40. Ra4 Rh3+ 41. Ke4 Rxh4+ 42. Nf4 g5 43. Kd3 Rxf4 44. Rxf4 gxf4 45. Kxc2
Kg7 46. Kd2 Kf6 47. Ke2 Ke5 48. Kf3 a5 49. a4 h5 50. Kf2 h4 51. Kg2 Kf5 52. Kh3
Kg5 53. Kg2 Kg4 54. Kh2 f3 55. Kh1 Kg3 56. Kg1 h3 57. Kh1 Kf4 58. Kg1 Ke3 59.
Kf1 h2 60. Ke1 h1=Q#  0-1

[Event "2nd Easter 4NCL Congress"]
[Site "Daventry"]
[Date "2022.04.15"]
[Round "1"]
[Board "7"]
[White "Webster, Vivien"]
[Black "Jerome, Stelio"]
[Result "0-1"]
[WhiteElo "1653"]
[BlackElo "1494"]
[PlyCount "62"]
[EventDate "2022.04.15"]
[EventRounds "7"]
[EventCountry "ENG"]

1. e4 c5 2. Nf3 d6 3. h3 Nc6 4. c3 g6 5. Bb5 a6 6. Ba4 b5 7. Bc2 c4 8. d4 cxd3
9. Bxd3 Bg7 10. O-O Nf6 11. Bf4 O-O 12. Nbd2 Bb7 13. a3 Rc8 14. Re1 Re8 15. Nb3
Nd7 16. Qd2 Nce5 17. Nxe5 Nxe5 18. Bf1 Nc4 19. Bxc4 bxc4 20. Nd4 e5 21. Bg5 f6
22. Bxf6 Qxf6 23. Nf3 Rcd8 24. Nh2 d5 25. Ng4 Qc6 26. exd5 Rxd5 27. Qg5 Rd2 28.
Ne3 Rf8 29. f3 Rxf3 30. gxf3 Qxf3 31. Ng2 Rxg2+  0-1

[Event "2nd Easter 4NCL Congress"]
[Site "Daventry"]
[Date "2022.04.15"]
[Round "1"]
[Board "8"]
[White "Ashworth, Steven M"]
[Black "Dos Santos Silva, Bruno Alexandre"]
[Result "0-1"]
[WhiteElo "1473"]
[BlackElo "1647"]
[PlyCount "58"]
[EventDate "2022.04.15"]
[EventRounds "7"]
[EventCountry "ENG"]

1. e4 c5 2. b4 cxb4 3. a3 Nc6 4. axb4 Nxb4 5. c3 Nc6 6. d4 d5 7. e5 Bf5 8. Bd3
Bxd3 9. Qxd3 e6 10. Ne2 Nge7 11. O-O Nf5 12. Ba3 Bxa3 13. Nxa3 O-O 14. Ng3 Nxg3
15. Qxg3 a6 16. Nc2 Rc8 17. Ne3 f5 18. f4 Na5 19. Ra3 Nc4 20. Nxc4 Rxc4 21. Rb1
Qc7 22. h4 Rc8 23. Rbb3 a5 24. h5 a4 25. h6 axb3 26. Rxb3 Qf7 27. Kf2 Qg6 28.
hxg7 Qxg3+ 29. Kxg3 Rxc3+  0-1

[Event "2nd Easter 4NCL Congress"]
[Site "Daventry"]
[Date "2022.04.15"]
[Round "1"]
[Board "9"]
[White "Fraser, Chris A"]
[Black "Hariharan, Shambavi"]
[Result "1/2-1/2"]
[WhiteElo "1631"]
[BlackElo "1466"]
[PlyCount "49"]
[EventDate "2022.04.15"]
[EventRounds "7"]
[EventCountry "ENG"]

1. e4 c6 2. d4 d5 3. e5 c5 4. Nf3 Nc6 5. Bb5 Bg4 6. dxc5 e6 7. Be3 Nge7 8. b4
Ng6 9. Bd4 Bxf3 10. Qxf3 Qg5 11. Bxc6+ bxc6 12. O-O Nxe5 13. Bxe5 Qxe5 14. c3
Be7 15. Nd2 O-O 16. Nb3 Qf6 17. Qxf6 Bxf6 18. Nd4 Rac8 19. Rac1 g6 20. Rfd1
Rfd8 21. a4 a6 22. Nb3 Kg7 23. Na5 Be7 24. Kf1 h5 25. Rc2  1/2-1/2

[Event "2nd Easter 4NCL Congress"]
[Site "Daventry"]
[Date "2022.04.15"]
[Round "1"]
[Board "10"]
[White "Matilal, Tamal K"]
[Black "Llewellyn, Alan M"]
[Result "1/2-1/2"]
[WhiteElo "1451"]
[BlackElo "1624"]
[PlyCount "111"]
[EventDate "2022.04.15"]
[EventRounds "7"]
[EventCountry "ENG"]

1. Nf3 Nf6 2. d4 g6 3. Bf4 c6 4. Nbd2 Bg7 5. e4 O-O 6. Bd3 d6 7. O-O Nbd7 8. h3
Nh5 9. Be3 e5 10. c3 c5 11. Nc4 exd4 12. cxd4 cxd4 13. Bxd4 Nc5 14. Bxg7 Nxg7
15. Bc2 Ne8 16. b4 Be6 17. Na5 b6 18. Nc6 Qc7 19. Ncd4 Nb7 20. Nxe6 fxe6 21.
Rc1 Qe7 22. Bb3 Ng7 23. Nd4 Kh8 24. Nc6 Qh4 25. Qd4 Qf6 26. e5 dxe5 27. Qxe5
Qxe5 28. Nxe5 Rac8 29. Nf7+ Kg8 30. Rxc8 Rxc8 31. Ng5 Nd8 32. a4 h6 33. Ne4 Kf8
34. f4 Ke7 35. g4 a5 36. b5 Nb7 37. g5 hxg5 38. Nxg5 Nc5 39. Bc2 Nf5 40. Ne4
Ne3 41. Rf2 Nxc2 42. Rxc2 Rd8 43. Nxc5 bxc5 44. Rxc5 Rd4 45. b6 Rb4 46. Rxa5
Rxb6 47. Kf2 Rb3 48. Kg2 Ra3 49. h4 Kf6 50. Kf2 Rh3 51. h5 gxh5 52. Rg5 Ra3 53.
a5 h4 54. Rh5 h3 55. a6 Rxa6 56. Rxh3  1/2-1/2

[Event "2nd Easter 4NCL Congress"]
[Site "Daventry"]
[Date "2022.04.15"]
[Round "1"]
[Board "11"]
[White "Wallman, James"]
[Black "Wilson, Jeff"]
[Result "1-0"]
[WhiteElo "1601"]
[BlackElo "1447"]
[PlyCount "81"]
[EventDate "2022.04.15"]
[EventRounds "7"]
[EventCountry "ENG"]

1. e4 e5 2. Nf3 Nc6 3. Bc4 Bc5 4. c3 Nf6 5. d3 d6 6. b4 Bb6 7. a4 a6 8. a5 Ba7
9. Qb3 Qe7 10. O-O h6 11. Be3 Bxe3 12. fxe3 O-O 13. h3 Bd7 14. Nbd2 Kh8 15. d4
exd4 16. exd4 Nd8 17. Rfe1 Ne6 18. Bxe6 fxe6 19. Rad1 Nh5 20. Nf1 Nf4 21. N1h2
g5 22. c4 Qg7 23. e5 h5 24. exd6 cxd6 25. c5 d5 26. Ne5 Bb5 27. Qc2 Rf6 28. Rd2
Raf8 29. Re3 Ng6 30. Nef3 Nf4 31. Ne5 Ng6 32. Nhf3 g4 33. hxg4 Nxe5 34. Rxe5
Qxg4 35. Rg5 Qe4 36. Rxh5+ Kg7 37. Qc1 Qe3+ 38. Kh1 Rxf3 39. gxf3 Qxf3+ 40.
Rg2+ Kf7 41. Qg5  1-0

[Event "2nd Easter 4NCL Congress"]
[Site "Daventry"]
[Date "2022.04.15"]
[Round "1"]
[Board "12"]
[White "Goldsmith, Jennifer"]
[Black "Lacoult, Maxime"]
[Result "0-1"]
[WhiteElo "1431"]
[BlackElo "1599"]
[PlyCount "144"]
[EventDate "2022.04.15"]
[EventRounds "7"]
[EventCountry "ENG"]

1. d4 Nf6 2. Nf3 g6 3. Bf4 Bg7 4. Nbd2 d6 5. e4 Nbd7 6. c3 c5 7. d5 O-O 8. Be2
Ng4 9. h3 Nge5 10. O-O f5 11. Be3 f4 12. Ng5 Nb6 13. Bxc5 dxc5 14. Nb3 h6 15.
Nf3 e6 16. Nxc5 exd5 17. exd5 Qxd5 18. Qxd5+ Nxd5 19. Nxe5 Bxe5 20. Bc4 Kh8 21.
Bxd5 Rb8 22. Rfe1 Bd6 23. Nd3 Bf5 24. Rad1 b6 25. Ne5 Kg7 26. Nc6 Rb7 27. Nd4
Re7 28. Rxe7+ Bxe7 29. Re1 Bd6 30. Ne6+ Bxe6 31. Rxe6 Bb8 32. Be4 Kf7 33. Rxg6
Re8 34. Bf5 Re1+ 35. Kh2 f3+ 36. g3 Rf1 37. Rxh6 Rxf2+ 38. Kg1 Rxb2 39. Be4
Rg2+ 40. Kf1 Bxg3 41. Bd5+ Kg7 42. Rh5 Kg6 43. Rh8 Kg5 44. h4+ Kf4 45. Rf8+ Ke5
46. Bxf3 Rf2+ 47. Kg1 Bxh4 48. Rf7 Rxa2 49. Rh7 Bf6 50. Rh5+ Kf4 51. Bd5 Ra1+
52. Kg2 Bxc3 53. Rh3 Bd4 54. Rh4+ Ke5 55. Rh5+ Kd6 56. Kf3 b5 57. Ke4 Bf6 58.
Rf5 Ra4+ 59. Kd3 Rd4+ 60. Kc2 Be5 61. Bb3 a5 62. Kb1 a4 63. Bc2 Rb4+ 64. Kc1 a3
65. Rf3 Kc5 66. Rf5 Kd4 67. Rf3 Kc4 68. Bd3+ Kd4 69. Bxb5 a2 70. Ra3 Rb1+ 71.
Kc2 a1=Q 72. Rxa1 Rxa1  0-1

[Event "2nd Easter 4NCL Congress"]
[Site "Daventry"]
[Date "2022.04.15"]
[Round "1"]
[Board "13"]
[White "Jenkins, Theo"]
[Black "Griffin-Young, Sebastian"]
[Result "1-0"]
[WhiteElo "1598"]
[BlackElo "1431"]
[PlyCount "119"]
[EventDate "2022.04.15"]
[EventRounds "7"]
[EventCountry "ENG"]

1. e4 c5 2. Nf3 g6 3. d4 cxd4 4. Nxd4 Bg7 5. Be3 Nf6 6. Bd3 O-O 7. O-O d6 8.
Nd2 Ng4 9. Qe2 Nxe3 10. Qxe3 Qb6 11. N2b3 Nc6 12. Nxc6 bxc6 13. Qxb6 axb6 14.
c3 Ba6 15. Bxa6 Rxa6 16. Nd4 c5 17. Nf3 Rfa8 18. a3 b5 19. Rab1 Ra4 20. Rfe1 b4
21. cxb4 cxb4 22. axb4 Rxb4 23. e5 dxe5 24. Nxe5 Bxe5 25. Rxe5 Rab8 26. Re2 e6
27. f3 Kf8 28. Kf2 Ke7 29. Rc2 Kd6 30. Rd1+ Ke5 31. Re2+ Kf5 32. Rd7 f6 33.
Rdd2 h5 34. h3 h4 35. Rc2 e5 36. Ke3 Rb3+ 37. Kf2 R8b4 38. Ke1 g5 39. Kd1 Rd4+
40. Kc1 Rbd3 41. Red2 Rxd2 42. Rxd2 Rxd2 43. Kxd2 Ke6 44. Ke3 f5 45. Kd3 Kd6
46. b4 Kc6 47. Kc4 e4 48. fxe4 fxe4 49. Kd4 e3 50. Kxe3 Kb5 51. Ke4 Kxb4 52.
Kf5 Kc5 53. Kxg5 Kd6 54. Kxh4 Ke6 55. Kg5 Kf7 56. Kh6 Kg8 57. g4 Kh8 58. g5 Kg8
59. Kg6 Kh8 60. Kf7  1-0

[Event "2nd Easter 4NCL Congress"]
[Site "Daventry"]
[Date "2022.04.15"]
[Round "1"]
[Board "14"]
[White "Liu, Jacob"]
[Black "Constable, John"]
[Result "0-1"]
[WhiteElo "1415"]
[BlackElo "1595"]
[PlyCount "56"]
[EventDate "2022.04.15"]
[EventRounds "7"]
[EventCountry "ENG"]

1. e4 g6 2. d4 Bg7 3. Nf3 d6 4. Bc4 Nf6 5. Qe2 Bg4 6. c3 O-O 7. O-O Nc6 8. Bf4
e5 9. dxe5 dxe5 10. Bg3 Qe7 11. Nbd2 Bh6 12. h3 Bxd2 13. hxg4 Bf4 14. Bxf4 exf4
15. Nd2 Ne5 16. Bd5 c6 17. Bc4 Nexg4 18. f3 Ne5 19. Rad1 Nh5 20. Rfe1 Ng3 21.
Qf2 Qh4 22. Qd4 Nxc4 23. Nxc4 Rfd8 24. Qe5 Rxd1 25. Rxd1 Qh1+ 26. Kf2 Qxd1 27.
Qxf4 Nh1+ 28. Ke3 Rd8  0-1